Cartoon Dogs - Statistics

General Stats
  • This quiz has been taken 151 times
  • The average score is 9 of 16
Answer Stats
Picture Answer % Correct
Snoopy
93%
Scooby doo
92%
Pluto
91%
Clifford
75%
Bluey
69%
Brian
66%
Tramp
66%
Gromit
63%
Courage
62%
Odie
60%
Jake the Dog
54%
Santa's little helper
47%
Dino
46%
Droopy
27%
Muttley
18%
Bobbie
17%
No matching quizzes found
Score Distribution
Percent of People with Each Score
Percentile by Number Answered
Your Score History
You have not taken this quiz